000
00288nam a2200133Ia 4500
100
_a
Roberts/M.J
942
_c
BK
654
_a
signal
245
_a
Signals and systems
260
_b
Tata Mc Graw hill
_a
New Delhi
_c
2003
082
_a
621.2822
_b
ROB
300
_a
1054
546
_a
ENGLISH
999
_c
23021
_d
23021